[Event "Reykjavik op"]
[Site "Reykjavik"]
[Date "2023.03.31"]
[Round "4"]
[White "Bruchmann, Stephan"]
[Black "Acevedo Mendez, Lisseth"]
[Result "1-0"]
[WhiteElo "2185"]
[BlackElo "1816"]
[PlyCount "79"]
[EventDate "2023.03.29"]
[EventType "swiss"]
[EventRounds "9"]
[EventCountry "ISL"]
[SourceTitle "CBM 213 Extra"]
[Source "ChessBase"]
[SourceDate "2023.05.31"]
[SourceVersion "1"]
[SourceVersionDate "2023.05.31"]
[SourceQuality "1"]

1. e4 e5 2. Nf3 Nc6 3. Nc3 Bc5 4. Nxe5 Nxe5 5. d4 Bd6 6. dxe5 Bxe5 7. f4 Bxc3+ 8. bxc3 Qe7 9. Qd4 Nf6 10. Bd3 c5 11. Qa4 a6 12. e5 Rb8 13. 0-0 Nd5 14. Qe4 Nxc3 15. Qc4 Nb5 16. Be3 d6 17. Rae1 d5 18. Qxd5 b6 19. a4 Bb7 20. Qb3 c4 21. Bxc4 Na7 22. Qxb6 Nc8 23. Qa5 0-0 24. Bc5 Qd8 25. Qxd8 Rxd8 26. Rd1 Re8 27. Rd7 Ne7 28. Rxe7 Rxe7 29. Bxe7 Bc6 30. Bb3 Re8 31. Bd6 g6 32. f5 Be4 33. f6 Bf5 34. Rb1 Rc8 35. Rb2 Rc3 36. a5 h5 37. h4 Be4 38. Kf2 Bf5 39. Bd5 Rc8 40. c4 1-0

[Event "Icelandic (Women) op"]
[Site "Reykjavik"]
[Date "2022.10.30"]
[Round "7"]
[White "Acevedo Mendez, Lisseth"]
[Black "Briem, Gudrun Fanney"]
[Result "1-0"]
[WhiteElo "1767"]
[BlackElo "1515"]
[PlyCount "161"]
[EventDate "2022.10.24"]
[EventType "swiss"]
[EventRounds "7"]
[EventCountry "ISL"]
[SourceTitle "EXT 2024"]
[Source "ChessBase"]
[SourceDate "2023.10.10"]
[SourceVersion "1"]
[SourceVersionDate "2023.10.10"]
[SourceQuality "1"]

1. d4 d5 2. Bf4 c5 3. e3 Nc6 4. c3 Nf6 5. Nf3 Qb6 6. Qb3 e6 7. Nbd2 c4 8. Qc2 Be7 9. Be2 h6 10. h3 a6 11. e4 Qd8 12. e5 Nd7 13. g4 b5 14. Nf1 b4 15. Ng3 a5 16. h4 a4 17. Nh5 g6 18. Ng7+ Kf8 19. Nxe6+ fxe6 20. Qxg6 bxc3 21. bxc3 Qa5 22. Rc1 Ba3 23. Bxh6+ Rxh6 24. Qxh6+ Ke7 25. Qg5+ Ke8 26. Rd1 Qxc3+ 27. Kf1 Nf8 28. Qg7 Be7 29. h5 Qb2 30. Rd2 Qb1+ 31. Kg2 Qe4 32. Bd1 Bb4 33. Bc2 Qf4 34. Rdd1 Ra7 35. Qg5 Qxg5 36. Nxg5 Be7 37. Nh7 Nxh7 38. Bxh7 Bg5 39. Bg6+ Kf8 40. Kg3 Bd8 41. f4 Bb6 42. h6 Kg8 43. g5 Nxd4 44. Kg4 Rc7 45. Be8 Bd7 46. h7+ Kh8 47. Bf7 Nf5 48. Rb1 Ba7 49. g6 c3 50. g7+ Nxg7 51. Kg5 c2 52. Rbc1 Be3 53. Kf6 d4 54. Rxc2 Rxc2 55. Rh4 Rf2 56. Rh3 Rxa2 57. Ke7 Bc8 58. Bg6 Bxf4 59. Rf3 Bg5+ 60. Kf8 Rc2 61. Bxc2 Bh6 62. Kf7 Bd7 63. Ke7 Nf5+ 64. Kxd7 Ne3 65. Bxa4 d3 66. Rh3 Bg5 67. Kxe6 d2 68. Rh1 Nc4 69. Bb3 Ne3 70. Kf7 Ng4 71. e6 Ne5+ 72. Ke8 Nc6 73. Bd1 Bf6 74. Kf7 Bg5 75. Rg1 Bh4 76. Rg2 Bd8 77. Rxd2 Bg5 78. Ra2 Bd8 79. Bc2 Nb8 80. Be4 Bh4 81. Rg2 1-0

[Event "Icelandic (Women) op"]
[Site "Reykjavik"]
[Date "2022.10.25"]
[Round "2"]
[White "Ayzenberg, Alena"]
[Black "Acevedo Mendez, Lisseth"]
[Result "1/2-1/2"]
[WhiteElo "2002"]
[BlackElo "1767"]
[PlyCount "58"]
[EventDate "2022.10.24"]
[EventType "swiss"]
[EventRounds "7"]
[EventCountry "ISL"]
[SourceTitle "EXT 2024"]
[Source "ChessBase"]
[SourceDate "2023.10.10"]
[SourceVersion "1"]
[SourceVersionDate "2023.10.10"]
[SourceQuality "1"]

1. d4 Nf6 2. c4 g6 3. Nc3 Bg7 4. e4 0-0 5. Nf3 d6 6. Be2 Na6 7. 0-0 e5 8. Be3 Ng4 9. Bg5 Qe8 10. dxe5 Nxe5 11. Nd4 Nc5 12. Nd5 Qd7 13. Bf6 Nxe4 14. Bxg7 Kxg7 15. f4 Ng4 16. Bxg4 Qxg4 17. Nxc7 Qxd1 18. Rfxd1 Bg4 19. Re1 Rac8 20. Rxe4 Rxc7 21. Nb5 d5 22. cxd5 Rc2 23. Rb4 Re8 24. Nc3 b6 25. Rf1 Re3 26. h3 Bxh3 27. gxh3 Rg3+ 28. Kh1 Rxh3+ 29. Kg1 Rg3+ 1/2-1/2

[Event "Olympiad Women-44"]
[Site "Chennai"]
[Date "2022.08.07"]
[Round "9.4"]
[White "Acevedo Mendez, Lisseth"]
[Black "Bail, Ellen Larissa"]
[Result "0-1"]
[WhiteElo "1784"]
[BlackElo "1892"]
[PlyCount "80"]
[EventDate "2022.07.29"]
[EventType "team-swiss"]
[EventRounds "11"]
[EventCountry "IND"]
[SourceTitle "CBM 210"]
[Source "ChessBase"]
[SourceDate "2022.10.31"]
[SourceVersion "1"]
[SourceVersionDate "2022.10.31"]
[SourceQuality "1"]
[WhiteTeam "Iceland (W)"]
[BlackTeam "Brazil (W)"]
[WhiteTeamCountry "ISL"]
[BlackTeamCountry "BRA"]

1. d4 d5 2. Bf4 Nf6 3. Nf3 e6 4. e3 Bd6 5. Bg3 0-0 6. Bd3 c5 7. c3 Qc7 8. Nbd2 Nbd7 9. Bxd6 Qxd6 10. 0-0 e5 11. dxe5 Nxe5 12. Nxe5 Qxe5 13. Nf3 Qc7 14. Rc1 c4 15. Be2 b5 16. Nd4 Qb6 17. a3 Rd8 18. Bf3 a5 19. b3 Ra7 20. Rb1 Ba6 21. Qc2 Rc7 22. b4 a4 23. Qf5 Bc8 24. Qf4 Re7 25. h3 Ne8 26. Rbd1 Nc7 27. Qg5 Kf8 28. Rd2 Ne6 29. Qh4 Nxd4 30. Rxd4 Re5 31. Qxh7 Rg5 32. Qh8+ Ke7 33. Qh4 Qg6 34. Rxd5 Rdxd5 35. Bxd5 Qf6 36. Rd1 Rxg2+ 37. Bxg2 Qxh4 38. Rd4 Qf6 39. Re4+ Be6 40. Rd4 Qg6 0-1

[Event "Reykjavik Kvika op"]
[Site "Reykjavik"]
[Date "2022.04.12"]
[Round "9"]
[White "Acevedo Mendez, Lisseth"]
[Black "De Coninck, Rafael"]
[Result "1/2-1/2"]
[WhiteElo "1801"]
[BlackElo "2119"]
[PlyCount "25"]
[EventDate "2022.04.06"]
[EventType "swiss"]
[EventRounds "9"]
[EventCountry "ISL"]
[SourceTitle "CBM 207 Extra"]
[Source "ChessBase"]
[SourceDate "2022.05.31"]
[SourceVersion "1"]
[SourceVersionDate "2022.05.31"]
[SourceQuality "1"]

1. e4 d5 2. exd5 Nf6 3. d4 Bg4 4. Be2 Bxe2 5. Qxe2 Qxd5 6. Nf3 e6 7. 0-0 c6 8. c4 Qe4 9. Be3 Bd6 10. Nc3 Qg6 11. Ne5 Qh5 12. Qxh5 Nxh5 13. Ne4 1/2-1/2

[Event "Reykjavik Kvika op"]
[Site "Reykjavik"]
[Date "2022.04.10"]
[Round "6"]
[White "Palsson, Oli"]
[Black "Acevedo Mendez, Lisseth"]
[Result "0-1"]
[WhiteElo "1295"]
[BlackElo "1801"]
[PlyCount "110"]
[EventDate "2022.04.06"]
[EventType "swiss"]
[EventRounds "9"]
[EventCountry "ISL"]
[SourceTitle "CBM 207 Extra"]
[Source "ChessBase"]
[SourceDate "2022.05.31"]
[SourceVersion "1"]
[SourceVersionDate "2022.05.31"]
[SourceQuality "1"]

1. e4 e5 2. Nf3 Nc6 3. Bc4 Bc5 4. 0-0 Nf6 5. c3 0-0 6. d4 exd4 7. cxd4 Bb6 8. e5 Ne4 9. Bd5 Nxf2 10. Rxf2 d6 11. Bxc6 bxc6 12. Kh1 dxe5 13. Rd2 e4 14. Ne5 Qd6 15. Nc3 f5 16. Nc4 Qg6 17. Nxb6 axb6 18. d5 e3 19. Rd3 f4 20. dxc6 Qxc6 21. Nd5 Qh6 22. Ne7+ Kh8 23. Nxc8 Raxc8 24. Qe2 Rce8 25. b3 Qc6 26. Ba3 Rf6 27. Rf1 h6 28. Bb2 Rf7 29. Rd4 Ref8 30. h3 Qc5 31. Rc4 Qa5 32. Rf3 Qg5 33. Ba3 Rd8 34. Rc2 Rfd7 35. Bb4 Kh7 36. Bc3 Qf5 37. Rc1 Qe4 38. Re1 Rd3 39. Ba1 Rd2 40. Qc4 Qxc4 41. bxc4 g5 42. h4 Kg6 43. Kh2 Rxa2 44. hxg5 hxg5 45. Be5 Rdd2 46. Rfxe3 fxe3 47. Rxe3 Rxg2+ 48. Kh1 Rgc2 49. Re1 Rxc4 50. Kg1 Kf5 51. Kh1 Re4 52. Rxe4 Kxe4 53. Bxc7 b5 54. Bd6 g4 55. Kg1 Kf3 0-1

[Event "Reykjavik Kvika op"]
[Site "Reykjavik"]
[Date "2022.04.06"]
[Round "1"]
[White "Sveinbjornsson, Gudmundur Orri"]
[Black "Acevedo Mendez, Lisseth"]
[Result "0-1"]
[WhiteElo "1144"]
[BlackElo "1801"]
[PlyCount "52"]
[EventDate "2022.04.06"]
[EventType "swiss"]
[EventRounds "9"]
[EventCountry "ISL"]
[SourceTitle "CBM 207 Extra"]
[Source "ChessBase"]
[SourceDate "2022.05.31"]
[SourceVersion "1"]
[SourceVersionDate "2022.05.31"]
[SourceQuality "1"]

1. e4 e5 2. Nf3 Nc6 3. Bc4 Bc5 4. c3 Nf6 5. d3 h6 6. 0-0 0-0 7. Re1 Bb6 8. Be3 d6 9. h3 Ne7 10. Bxb6 axb6 11. d4 Ng6 12. Nbd2 Qe7 13. Qb3 Bd7 14. Bb5 c6 15. Bd3 Nf4 16. Be2 b5 17. a4 exd4 18. Nxd4 Rfe8 19. f3 Qe5 20. axb5 Rxa1 21. Rxa1 c5 22. Bc4 d5 23. Bxd5 N6xd5 24. exd5 cxd4 25. Ne4 dxc3 26. Qxc3 Ne2+ 0-1

[Event "EU-ch 21st"]
[Site "Reykjavik"]
[Date "2021.09.04"]
[Round "10"]
[White "Helgadottir, Idunn"]
[Black "Acevedo Mendez, Lisseth"]
[Result "0-1"]
[WhiteElo "1243"]
[BlackElo "1825"]
[PlyCount "48"]
[EventDate "2021.08.26"]
[EventType "swiss"]
[EventRounds "11"]
[EventCountry "ISL"]
[SourceTitle "CBM 204"]
[Source "ChessBase"]
[SourceDate "2021.10.31"]
[SourceVersion "1"]
[SourceVersionDate "2021.10.31"]
[SourceQuality "1"]

1. d4 f5 2. Bg5 Nf6 3. Bxf6 gxf6 4. c4 e5 5. e3 Qe7 6. Qh5+ Kd8 7. dxe5 Qxe5 8. Nc3 Bb4 9. Nf3 Bxc3+ 10. Ke2 Qe4 11. bxc3 Qc2+ 12. Nd2 Qxc3 13. Rb1 Nc6 14. Qf7 Re8 15. Qxh7 d6 16. h4 Bd7 17. Kd1 Nb4 18. Ke1 Nc2+ 19. Ke2 Nd4+ 20. Ke1 Ba4 21. Qh5 Nc2+ 22. Ke2 Rxe3+ 23. fxe3 Qxe3+ 24. Kd1 Qe1# 0-1

[Event "EU-ch 21st"]
[Site "Reykjavik"]
[Date "2021.09.02"]
[Round "8"]
[White "Patt, Zafrir"]
[Black "Acevedo Mendez, Lisseth"]
[Result "1-0"]
[WhiteElo "1677"]
[BlackElo "1825"]
[PlyCount "93"]
[EventDate "2021.08.26"]
[EventType "swiss"]
[EventRounds "11"]
[EventCountry "ISL"]
[SourceTitle "CBM 204"]
[Source "ChessBase"]
[SourceDate "2021.10.31"]
[SourceVersion "1"]
[SourceVersionDate "2021.10.31"]
[SourceQuality "1"]

1. e4 e5 2. Nf3 Nc6 3. Bc4 Bc5 4. c3 Nf6 5. d3 d6 6. 0-0 0-0 7. a4 a6 8. Nbd2 Ne7 9. Re1 Ng6 10. Nf1 c6 11. d4 Bb6 12. Ng3 Bc7 13. b4 d5 14. Bb3 Re8 15. Qc2 Bg4 16. Nxe5 Nxe5 17. dxe5 Rxe5 18. h3 Bd7 19. Bf4 Rxe4 20. Nxe4 Nxe4 21. Bxc7 Qxc7 22. c4 dxc4 23. Bxc4 Nd6 24. Bd3 g6 25. Rad1 Be6 26. Rd2 Qe7 27. Qd1 Rd8 28. Re3 Qh4 29. Bxg6 hxg6 30. Rxd6 Rxd6 31. Qxd6 Kg7 32. Qe5+ Kh7 33. Re4 Qh5 34. Qd4 g5 35. h4 g4 36. g3 Qg6 37. Kh2 Qg7 38. Re5 Qh6 39. Qc5 Bd5 40. Rg5 Qf6 41. Qc2+ Kh6 42. Rf5 Qg6 43. Qd2+ Kh7 44. Qf4 Qh6 45. Qe5 Qc1 46. Rh5+ Kg6 47. Rg5+ 1-0

[Event "EU-ch 21st"]
[Site "Reykjavik"]
[Date "2021.08.29"]
[Round "4"]
[White "Bergsson, Stefan"]
[Black "Acevedo Mendez, Lisseth"]
[Result "1-0"]
[WhiteElo "2158"]
[BlackElo "1825"]
[PlyCount "145"]
[EventDate "2021.08.26"]
[EventType "swiss"]
[EventRounds "11"]
[EventCountry "ISL"]
[SourceTitle "CBM 204"]
[Source "ChessBase"]
[SourceDate "2021.10.31"]
[SourceVersion "1"]
[SourceVersionDate "2021.10.31"]
[SourceQuality "1"]

1. c4 Nf6 2. Nc3 g6 3. g3 Bg7 4. Bg2 d6 5. e4 0-0 6. Nge2 e5 7. 0-0 Nc6 8. d3 Ne8 9. Be3 f5 10. exf5 Bxf5 11. d4 Qc8 12. Re1 Nf6 13. Nd5 Nxd5 14. cxd5 Ne7 15. Rc1 Qd7 16. dxe5 Bxe5 17. Qb3 b6 18. Bd4 Bxd4 19. Nxd4 Rac8 20. h3 h5 21. Nc6 Rf7 22. Qe3 Nxc6 23. dxc6 Qd8 24. Bd5 Qf6 25. Qe7 Kg7 26. Bxf7 Qxf7 27. Qg5 Re8 28. Rxe8 Qxe8 29. g4 hxg4 30. hxg4 Bd3 31. Qe3 Qxe3 32. fxe3 Kf6 33. Kf2 Be4 34. b4 b5 35. Rc3 Ke6 36. Ra3 Bxc6 37. Rxa7 Kd7 38. g5 Be4 39. Kg3 Kc6 40. Kf4 d5 41. Ra3 Kd6 42. Rc3 c6 43. a3 Bf5 44. Rc5 Bd3 45. Rc1 Be4 46. Kg3 Kd7 47. Kf2 Bd3 48. Kg3 Be4 49. Rf1 Bf5 50. Kh4 Ke6 51. Kg3 Ke5 52. Rh1 d4 53. exd4+ Kxd4 54. Rc1 Be4 55. Kf4 Bd5 56. Rd1+ Kc3 57. Ke5 Kb2 58. Rd3 Bb3 59. Kd6 Kxa3 60. Kc5 Ka4 61. Rd6 Bc2 62. Rxc6 Be4 63. Ra6+ Kb3 64. Ra5 Bd3 65. Rxb5 Bxb5 66. Kxb5 Kc3 67. Kc5 Kd3 68. b5 Ke4 69. b6 Kf5 70. b7 Kxg5 71. b8Q Kh4 72. Qh2+ Kg4 73. Kd4 1-0

[Event "ISL-ch (Women)"]
[Site "Reykjavik"]
[Date "2021.06.04"]
[Round "7"]
[White "Finnbogadottir, Tinna Kristin"]
[Black "Acevedo Mendez, Lisseth"]
[Result "1/2-1/2"]
[WhiteElo "1843"]
[BlackElo "1829"]
[PlyCount "40"]
[EventDate "2021.05.26"]
[EventType "tourn"]
[EventRounds "7"]
[EventCountry "ISL"]
[SourceTitle "CBM 203 Extra"]
[Source "ChessBase"]
[SourceDate "2021.09.30"]
[SourceVersion "1"]
[SourceVersionDate "2021.09.30"]
[SourceQuality "1"]

1. e4 c5 2. c3 e6 3. Nf3 Nc6 4. g3 d5 5. Qe2 d4 6. d3 e5 7. Bg2 Nf6 8. 0-0 Be7 9. h3 0-0 10. Nbd2 b5 11. a4 Rb8 12. axb5 Rxb5 13. Nc4 Qc7 14. Qc2 Be6 15. Na3 Rb7 16. Bd2 Rfb8 17. Rfb1 Qd7 18. Ng5 Bb3 19. Qc1 h6 20. Nf3 Qe6 1/2-1/2

[Event "EU-Cup Online Gr-B (Women)"]
[Site "Tornelo INT"]
[Date "2020.12.19"]
[Round "2.1"]
[White "Acevedo Mendez, Lisseth"]
[Black "Kochukova, Anna"]
[Result "0-1"]
[WhiteElo "1845"]
[BlackElo "2106"]
[PlyCount "68"]
[EventDate "2020.12.19"]
[EventType "team-tourn (rapid)"]
[EventRounds "7"]
[EventCountry "ISS"]
[SourceTitle "CBM 199 Extra"]
[Source "ChessBase"]
[SourceDate "2021.01.31"]
[SourceVersion "1"]
[SourceVersionDate "2021.01.31"]
[SourceQuality "1"]
[WhiteTeam "Fjolnir (W)"]
[BlackTeam "Voronezh (W)"]
[WhiteTeamCountry "ISL"]
[BlackTeamCountry "RUS"]

1. e4 c5 2. Nf3 e6 3. d4 cxd4 4. Nxd4 Nc6 5. Be3 a6 6. c4 Qc7 7. Nc3 Nf6 8. Be2 d6 9. Rc1 Qb8 10. 0-0 Be7 11. Bf3 Ne5 12. Be2 0-0 13. f4 Ned7 14. Qe1 Nc5 15. Bf3 Nd3 16. Qg3 Nxc1 17. Rxc1 Bd7 18. f5 Ne8 19. Kh1 Bf6 20. Rf1 Qc7 21. Be2 Rc8 22. Bd3 Be5 23. Qh3 Nf6 24. Nce2 exf5 25. Nxf5 Bxf5 26. Qxf5 Qd7 27. Qg5 Qg4 28. Rxf6 Qxg5 29. Bxg5 gxf6 30. Bh6 Rfe8 31. b3 f5 32. g3 fxe4 33. Bxe4 Bg7 34. Bxg7 Rxe4 0-1

[Event "Isolated Queens Internet op 2nd"]
[Site "Chess.com INT"]
[Date "2020.05.02"]
[Round "9"]
[White "Acevedo Mendez, Lisseth"]
[Black "Dong, Alice"]
[Result "1/2-1/2"]
[WhiteElo "1845"]
[BlackElo "1902"]
[PlyCount "95"]
[EventDate "2020.05.02"]
[EventType "swiss"]
[EventRounds "10"]
[EventCountry "USA"]
[SourceTitle "CBM 195 Extra"]
[Source "ChessBase"]
[SourceDate "2020.05.31"]
[SourceVersion "1"]
[SourceVersionDate "2020.05.31"]
[SourceQuality "1"]

1. e4 c5 2. Nf3 Nc6 3. d4 cxd4 4. Nxd4 e6 5. c4 Nf6 6. Nc3 Bb4 7. Nxc6 bxc6 8. Qd3 Qc7 9. Bd2 0-0 10. Be2 d5 11. exd5 cxd5 12. 0-0 Ba6 13. Nb5 Bxb5 14. cxb5 Bxd2 15. Qxd2 Rab8 16. Rfc1 Qe5 17. h3 Ne4 18. Qb4 h6 19. Bf3 Ng5 20. Rc3 d4 21. Rd3 Rxb5 22. Qd2 Rfb8 23. b3 Rb4 24. Rd1 Qf6 25. Bc6 e5 26. Ba4 Qg6 27. Kh1 Ne4 28. Qe1 Nc3 29. R1d2 Nxa4 30. bxa4 Qf5 31. Rf3 Qe6 32. Qe4 Rb1+ 33. Kh2 Ra1 34. Rc2 Rbb1 35. Qa8+ Kh7 36. Qe4+ g6 37. Rc6 Qe7 38. Rcf6 Rh1+ 39. Kg3 Kg7 40. Qg4 h5 41. Qg5 e4 42. Rxg6+ fxg6 43. Qxe7+ Kh6 44. Qf8+ Kg5 45. Qe7+ Kh6 46. Qf8+ Kh7 47. Qf7+ Kh6 48. Qf8+ 1/2-1/2

[Event "Reykjavik Taflfelag op"]
[Site "Reykjavik"]
[Date "2019.11.20"]
[Round "6"]
[White "Hauksdottir, Hrund"]
[Black "Acevedo Mendez, Lisseth"]
[Result "1-0"]
[WhiteElo "1753"]
[BlackElo "1871"]
[PlyCount "83"]
[EventDate "2019.10.16"]
[EventType "swiss"]
[EventRounds "7"]
[EventCountry "ISL"]
[SourceTitle "CBM 193 Extra"]
[Source "ChessBase"]
[SourceDate "2020.01.31"]
[SourceVersion "1"]
[SourceVersionDate "2020.01.31"]
[SourceQuality "1"]

1. e4 c5 2. Nc3 e6 3. f4 Nf6 4. Nf3 d6 5. Bc4 Be7 6. 0-0 0-0 7. d3 a6 8. Qe1 b5 9. Bb3 Nc6 10. Ne2 d5 11. e5 Nd7 12. c3 f6 13. Qg3 Qe8 14. Qh3 Qf7 15. Bd2 f5 16. d4 Na5 17. Bc2 Nc4 18. b3 Nxd2 19. Nxd2 Bb7 20. Rac1 Rac8 21. Kh1 Rc7 22. g4 g6 23. gxf5 exf5 24. Rg1 Bc8 25. Nf3 Nb6 26. Rg2 c4 27. Rcg1 Rc6 28. Ng5 Bxg5 29. Rxg5 Kh8 30. Qf3 Be6 31. h4 Nc8 32. R1g2 Ne7 33. Rh2 Kg7 34. h5 Rh8 35. Ng3 h6 36. hxg6 Nxg6 37. Nxf5+ Bxf5 38. Rxf5 Qd7 39. Rfh5 Qf7 40. f5 Ne7 41. f6+ Kg8 42. Rg2+ 1-0

[Event "Reykjavik Taflfelag op"]
[Site "Reykjavik"]
[Date "2019.11.06"]
[Round "4"]
[White "Stefansson, Bjorn Gretar"]
[Black "Acevedo Mendez, Lisseth"]
[Result "1/2-1/2"]
[WhiteElo "1566"]
[BlackElo "1871"]
[PlyCount "103"]
[EventDate "2019.10.16"]
[EventType "swiss"]
[EventRounds "7"]
[EventCountry "ISL"]
[SourceTitle "CBM 193 Extra"]
[Source "ChessBase"]
[SourceDate "2020.01.31"]
[SourceVersion "1"]
[SourceVersionDate "2020.01.31"]
[SourceQuality "1"]

1. c4 e6 2. d4 d5 3. cxd5 exd5 4. g3 Nf6 5. Nc3 c6 6. Bg2 Bb4 7. Nf3 Ne4 8. Bd2 Nxd2 9. Qxd2 0-0 10. 0-0 Nd7 11. a3 Bd6 12. e4 dxe4 13. Nxe4 Nf6 14. Nxd6 Qxd6 15. Rfe1 Be6 16. Qc2 Rad8 17. Rad1 Bd5 18. Ng5 Rfe8 19. Ne4 Nxe4 20. Bxe4 g6 21. Bxd5 Qxd5 22. Qc5 Rxe1+ 23. Rxe1 Qxc5 24. dxc5 Kf8 25. Kg2 Rd2 26. b4 Rd3 27. Re3 Rxe3 28. fxe3 Ke7 29. Kf3 Ke6 30. Ke4 h6 31. g4 g5 32. h3 f6 33. a4 a6 34. Kd4 f5 35. e4 f4 36. a5 Ke7 37. e5 Kd7 38. Kd3 Ke8 39. Kd4 Kd8 40. Kd3 Kd7 41. Kd4 Ke7 42. Kd3 Kf7 43. Kd4 Kg6 44. Kd3 h5 45. Kd4 hxg4 46. hxg4 Kg7 47. Kd3 Kf7 48. Kd4 f3 49. Ke3 f2 50. Kxf2 Ke6 51. Kf3 Kxe5 52. Ke3 1/2-1/2

[Event "ISL-chT2 1819"]
[Site "Reykjavik"]
[Date "2019.03.02"]
[Round "6.1"]
[White "Knutsson, Larus"]
[Black "Acevedo Mendez, Lisseth"]
[Result "1-0"]
[WhiteElo "2050"]
[BlackElo "1883"]
[PlyCount "85"]
[EventDate "2018.11.09"]
[EventType "team-tourn"]
[EventRounds "7"]
[EventCountry "ISL"]
[SourceTitle "CBM 189 Extra"]
[Source "ChessBase"]
[SourceDate "2019.06.03"]
[SourceVersion "1"]
[SourceVersionDate "2019.06.03"]
[SourceQuality "1"]
[WhiteTeam "Vikingaklubburinn II"]
[BlackTeam "Hrokar alls Fagnadar"]
[WhiteTeamCountry "ISL"]
[BlackTeamCountry "ISL"]

1. e4 e5 2. Nf3 Nc6 3. Bc4 Bc5 4. 0-0 d6 5. h3 Nf6 6. d3 h6 7. c3 Bb6 8. Be3 0-0 9. b4 Ne7 10. a4 c6 11. Bb3 Ng6 12. Re1 Bc7 13. Nbd2 Re8 14. d4 d5 15. dxe5 Nxe5 16. Bd4 dxe4 17. Nxe4 Bf5 18. Nxe5 Bxe5 19. Nxf6+ Qxf6 20. Rxe5 Rxe5 21. f4 Qg6 22. fxe5 Bxh3 23. Qf3 Be6 24. Bxe6 Qxe6 25. b5 Rc8 26. Qe3 Qb3 27. bxc6 Rxc6 28. Qe4 Qc4 29. a5 Qa6 30. Rb1 Qxa5 31. Rxb7 Rg6 32. Rxa7 Qb5 33. Qa8+ Kh7 34. Rxf7 Qe2 35. Qf3 Qe1+ 36. Qf1 Qe4 37. Rf3 Qg4 38. Re3 Qe6 39. Qf3 Kh8 40. Qa8+ Kh7 41. Qe4 Kh8 42. Rf3 Kh7 43. Rg3 1-0

[Event "ISL-chT2 1819"]
[Site "Reykjavik"]
[Date "2019.03.01"]
[Round "5.1"]
[White "Acevedo Mendez, Lisseth"]
[Black "Grimsson, Grimur"]
[Result "1-0"]
[WhiteElo "1883"]
[BlackElo "1772"]
[PlyCount "93"]
[EventDate "2018.11.09"]
[EventType "team-tourn"]
[EventRounds "7"]
[EventCountry "ISL"]
[SourceTitle "CBM 189 Extra"]
[Source "ChessBase"]
[SourceDate "2019.06.03"]
[SourceVersion "1"]
[SourceVersionDate "2019.06.03"]
[SourceQuality "1"]
[WhiteTeam "Hrokar alls Fagnadar"]
[BlackTeam "Vinaskakfelagid"]
[WhiteTeamCountry "ISL"]
[BlackTeamCountry "ISL"]

1. e4 e6 2. d4 d5 3. exd5 exd5 4. Bd3 Bd6 5. Qf3 c6 6. Ne2 Qf6 7. Bf4 Bxf4 8. Qxf4 Qxf4 9. Nxf4 Ne7 10. 0-0 0-0 11. Re1 Re8 12. Nd2 Kf8 13. Re5 Ng6 14. Rxe8+ Kxe8 15. Nxg6 hxg6 16. Re1+ Kf8 17. c4 Be6 18. Bxg6 dxc4 19. a3 Bd5 20. Be4 Nd7 21. f3 Rd8 22. Kf2 Nb6 23. Bxd5 cxd5 24. Nb1 Re8 25. Rxe8+ Kxe8 26. Nc3 Ke7 27. Ke3 Ke6 28. h4 Nc8 29. g4 Nd6 30. Ne2 Ne8 31. Nf4+ Kd6 32. h5 f6 33. Ng6 Ke6 34. f4 b5 35. f5+ Kf7 36. Nf4 Nc7 37. Kd2 a5 38. Kc3 Ke7 39. Ng6+ Kd7 40. Kc2 b4 41. a4 Ne8 42. Nf8+ Ke7 43. Ne6 Kf7 44. Nd8+ Ke7 45. Ne6 Kd6 46. Nxg7 Nxg7 47. h6 1-0

[Event "ISL-ch (Women)"]
[Site "Reykjavik"]
[Date "2017.08.27"]
[Round "4"]
[White "Thorsteinsdottir, Gudlaug"]
[Black "Acevedo Mendez, Lisseth"]
[Result "1-0"]
[WhiteElo "2010"]
[BlackElo "1893"]
[PlyCount "39"]
[EventDate "2017.08.25"]
[EventType "swiss"]
[EventRounds "5"]
[EventCountry "ISL"]
[SourceTitle "CBM 180 Extra"]
[Source "ChessBase"]
[SourceDate "2017.10.06"]
[SourceVersion "1"]
[SourceVersionDate "2017.10.06"]
[SourceQuality "1"]

1. d4 f5 2. c4 Nf6 3. Nc3 d6 4. Nf3 g6 5. Bf4 Bg7 6. e3 0-0 7. Bd3 c6 8. h3 Na6 9. a3 Nc7 10. Qc2 Nh5 11. Bh2 Kh8 12. 0-0-0 b5 13. Rdg1 bxc4 14. Bxc4 Ba6 15. Bxa6 Nxa6 16. g4 fxg4 17. hxg4 Nf6 18. Ng5 Qa5 19. Bf4 Rfb8 20. Qxg6 1-0

[Event "ISL-ch (Women)"]
[Site "Reykjavik"]
[Date "2017.08.26"]
[Round "2"]
[White "Magnusdottir, Veronika Steinunn"]
[Black "Acevedo Mendez, Lisseth"]
[Result "0-1"]
[WhiteElo "1785"]
[BlackElo "1893"]
[PlyCount "88"]
[EventDate "2017.08.25"]
[EventType "swiss"]
[EventRounds "5"]
[EventCountry "ISL"]
[SourceTitle "CBM 180 Extra"]
[Source "ChessBase"]
[SourceDate "2017.10.06"]
[SourceVersion "1"]
[SourceVersionDate "2017.10.06"]
[SourceQuality "1"]

1. e4 c5 2. Nf3 e6 3. d4 cxd4 4. Nxd4 Nc6 5. Nc3 Qc7 6. g3 a6 7. Bg2 d6 8. 0-0 Bd7 9. Be3 Nf6 10. a4 Ne5 11. Nde2 Nc4 12. Bc1 Be7 13. b3 Ne5 14. Bb2 Rc8 15. Rc1 0-0 16. Nf4 Qa5 17. Qd2 Bc6 18. Rfd1 Qb6 19. Ba1 Rfd8 20. Qe2 Qb4 21. Nd3 Nxd3 22. Rxd3 Nd7 23. Rcd1 Ne5 24. Rd4 Qb6 25. Kh1 Be8 26. f4 Nc6 27. R4d2 Nb4 28. Qg4 Bf6 29. e5 dxe5 30. Ne4 Kh8 31. Nxf6 gxf6 32. fxe5 f5 33. Qe2 Bc6 34. Rxd8+ Rxd8 35. Rxd8+ Qxd8 36. Bxc6 Nxc6 37. Kg2 Qd5+ 38. Qf3 Qc5 39. Qd3 Kg7 40. Kf3 Qg1 41. Bb2 Qxh2 42. Qe3 h6 43. Bc1 Nd4+ 44. Qxd4 Qh1+ 0-1